000 00172nam a22000857a 4500
082 _aLEG
100 _aLegrand
245 _aThe new american machinisti hand book
942 _cBK
999 _c15376
_d15376